Hľadáte manažéra do firmy? Zoženie vám ho "lovec hláv"
Odborne vzdelaných vyšších a stredných manažérov je na pracovnom trhu veľký nedostatok. Zamestnávatelia sa preto pri hľadaní vhodného kandidáta čoraz viac obracajú na tzv. headhuntera, čiže hľadača talentov. Ako prebieha výber, cielené oslovenie kandidátov v praxi. Vhodné metódy vyhľadávania kandidá...
Gespeichert in:
| 1. Verfasser: | |
|---|---|
| Format: | Buchkapitel |
| Sprache: | Slowakisch |
| Schlagworte: | |
| Tags: |
Keine Tags, Fügen Sie das erste Tag hinzu!
|
MARC
| LEADER | 00000naa a2200000 4500 | ||
|---|---|---|---|
| 001 | 0259745 | ||
| 005 | 20191119130932.1 | ||
| 041 | 0 | |a slo | |
| 044 | |a SK | ||
| 245 | 1 | 0 | |a Hľadáte manažéra do firmy? Zoženie vám ho "lovec hláv" |c Dana Blechová |
| 520 | |a Odborne vzdelaných vyšších a stredných manažérov je na pracovnom trhu veľký nedostatok. Zamestnávatelia sa preto pri hľadaní vhodného kandidáta čoraz viac obracajú na tzv. headhuntera, čiže hľadača talentov. Ako prebieha výber, cielené oslovenie kandidátov v praxi. Vhodné metódy vyhľadávania kandidátov. | ||
| 610 | 2 | 0 | |a manažéri |
| 610 | 2 | 0 | |a výber pracovníkov |
| 610 | 2 | 0 | |a konzultanti |
| 610 | 2 | 0 | |a poradenstvo personálne |
| 610 | 2 | 0 | |a poradenstvo profesionálne |
| 610 | 2 | 0 | |a sprostredkovanie práce |
| 100 | 1 | |a Blechová, Dana | |